header

Forest canopies (Record no. 156400)

MARC details
000 -LEADER
fixed length control field 01483nam a2200349 a 4500
082 04 - DEWEY DECIMAL CLASSIFICATION NUMBER
Classification number 577.3
245 00 - TITLE STATEMENT
Title Forest canopies
260 ## - PUBLICATION, DISTRIBUTION, ETC. (IMPRINT)
Place of publication New York :
Name of publisher Nova Science Publishers,
Year of publication c2009.
300 ## - PHYSICAL DESCRIPTION
Number of Pages xii, 171 p. :
Other physical details ill. (some col.), maps (some col.).
490 1# - SERIES STATEMENT
Series statement Environmental science, engineering and technology series
650 #0 - SUBJECT ADDED ENTRY--TOPICAL TERM
Topical Term Forest canopies.
Topical Term Forest canopy ecology.
700 1# - ADDED ENTRY--PERSONAL NAME
Personal name Creighton, Jason D.
Personal name Roney, Paul J.
856 40 - ELECTRONIC LOCATION AND ACCESS
Uniform Resource Identifier http://site.ebrary.com/lib/rucke/Doc?id=10680820

No items available.

© 2026 Rongo University
Contact us: librarian | system librarian | Rongo university